000 00508nam a2200205 a 4500
999 _c7298
_d7298
001 7298
003 BD-JhCC
005 20180212094227.0
008 180207s1951 uk |||| |||| 000 0 eng d
035 _a(BD-JhCC)
040 _aBD-JhCC
_dBD-JhCC
041 _aeng
082 _a577
_bBRE 1958
245 _aThe Breath of Life /
_cDavid Monmouth
260 _aLondon:
_bGeorge Allen & Unwin Ltd;
_c1958
300 _a128 p;
_c22 cm
650 _aLife (Biology)
700 _aMonmouth, David
942 _2ddc
_cBK